[Event "GER-ch3 Betrieb email"]
[Site "GER email"]
[Date "2008.10.07"]
[Round "?"]
[White "Bletz, Harald"]
[Black "Bekemann, Uwe"]
[Result "1/2-1/2"]
[WhiteElo "1640"]
[BlackElo "1964"]
[PlyCount "50"]
[EventDate "2008.??.??"]
[EventType "tourn (corr)"]
[EventRounds "6"]
[EventCountry "GER"]
[SourceTitle "Corr 2011"]
[Source "ChessBase"]
[SourceDate "2010.08.31"]
[SourceVersion "1"]
[SourceVersionDate "2010.08.31"]
[SourceQuality "1"]

1. d4 Nf6 2. Nf3 g6 3. g3 Bg7 4. Bg2 0-0 5. c4 c5 6. 0-0 cxd4 7. Nxd4 Nc6 8. Nc3 Ng4 9. e3 d6 10. h3 Nf6 11. Kh2 Bd7 12. b3 Rc8 13. Bb2 a6 14. Qe2 Qb6 15. Rac1 Rfe8 16. Rfd1 Nxd4 17. exd4 e6 18. Qf3 Bc6 19. d5 exd5 20. cxd5 Bd7 21. Re1 Qa5 22. a3 Nh5 23. b4 Qd8 24. Rxe8+ Qxe8 25. Rc2 Rc7 1/2-1/2

[Event "BL2-Ost 0708"]
[Site "Germany"]
[Date "2007.12.09"]
[Round "4.7"]
[White "Seifert, Volker"]
[Black "Bletz, Harald"]
[Result "1-0"]
[WhiteElo "2328"]
[BlackElo "2281"]
[PlyCount "89"]
[EventDate "2007.10.21"]
[EventType "team-tourn"]
[EventRounds "9"]
[EventCountry "GER"]
[SourceTitle "EXT 2009"]
[Source "ChessBase"]
[SourceDate "2008.11.26"]
[SourceVersion "1"]
[SourceVersionDate "2008.11.26"]
[SourceQuality "1"]
[WhiteTeam "Dresden USV"]
[BlackTeam "Schoeneck "]
[WhiteTeamCountry "GER"]
[BlackTeamCountry "GER"]

1. d4 Nf6 2. c4 c5 3. d5 a6 4. f3 g6 5. e4 d6 6. a4 Bg7 7. Ne2 0-0 8. Nec3 e6 9. Be3 exd5 10. cxd5 Re8 11. Be2 b6 12. 0-0 Nbd7 13. Qd2 Rb8 14. Na3 Qe7 15. Bg5 Qf8 16. Rab1 h6 17. Be3 Kh7 18. b4 Ra8 19. bxc5 bxc5 20. Nc4 Ne5 21. Nxe5 Rxe5 22. Bf4 Re8 23. Rb6 Rd8 24. Rfb1 Qe7 25. Nd1 Nh5 26. Be3 f5 27. exf5 Bxf5 28. Bd3 Bxd3 29. Qxd3 Rd7 30. Nc3 Re8 31. Ne4 Nf6 32. Nxf6+ Qxf6 33. Bxc5 Qh4 34. Bf2 Qxa4 35. Rxa6 Qf4 36. Rab6 Qf7 37. h3 Re5 38. Rd1 Rg5 39. Rb4 Re7 40. Bh4 Rge5 41. Bxe7 Rxe7 42. Re4 Be5 43. Rf1 Rc7 44. f4 Bg7 45. Re6 1-0

[Event "BL2-Ost 0708"]
[Site "Germany"]
[Date "2007.10.21"]
[Round "1.6"]
[White "Bletz, Harald"]
[Black "Guth, Thomas"]
[Result "1-0"]
[WhiteElo "2302"]
[BlackElo "2316"]
[PlyCount "97"]
[EventDate "2007.10.21"]
[EventType "team-tourn"]
[EventRounds "9"]
[EventCountry "GER"]
[SourceTitle "EXT 2009"]
[Source "ChessBase"]
[SourceDate "2008.11.26"]
[SourceVersion "1"]
[SourceVersionDate "2008.11.26"]
[SourceQuality "1"]
[WhiteTeam "Schoeneck "]
[BlackTeam "Berlin Rotation"]
[WhiteTeamCountry "GER"]
[BlackTeamCountry "GER"]

1. d4 e6 2. Nf3 Nf6 3. g3 b6 4. Bg2 Bb7 5. 0-0 c5 6. c4 cxd4 7. Nxd4 Bxg2 8. Kxg2 a6 9. Nc3 Qc7 10. Qa4 Be7 11. Rd1 0-0 12. Bf4 d6 13. Nf3 Nbd7 14. Rac1 h6 15. Qa3 Ne5 16. Bxe5 dxe5 17. Qa4 Bc5 18. b4 e4 19. Nd2 Bxf2 20. Kxf2 Ng4+ 21. Kg1 f5 22. Nf1 Rfd8 23. Rxd8+ Rxd8 24. Rd1 Rxd1 25. Qxd1 Qxc4 26. Qb3 Qc6 27. Nd1 b5 28. Qc3 Qd5 29. Nde3 Nxe3 30. Nxe3 Qxa2 31. Kf2 Kh7 32. h4 Qb1 33. Ng2 a5 34. bxa5 b4 35. Qe5 b3 36. a6 b2 37. a7 Qc1 38. Qxe6 e3+ 39. Qxe3 Qa1 40. Qb6 g5 41. Qb7+ Kg6 42. h5+ Kf6 43. a8Q Qxa8 44. Qxa8 b1Q 45. Qh8+ Kf7 46. Qh7+ Ke8 47. Qg6+ Kd8 48. Qxh6 g4 49. Ne3 1-0

[Event "Hessenliga 0607"]
[Site "Germany"]
[Date "2006.10.29"]
[Round "3.5"]
[White "Gries, Volker"]
[Black "Bletz, Harald"]
[Result "1/2-1/2"]
[WhiteElo "2147"]
[BlackElo "2296"]
[PlyCount "44"]
[EventDate "2006.09.17"]
[EventType "team"]
[EventRounds "9"]
[EventCountry "GER"]
[SourceTitle "EXT 2008"]
[Source "ChessBase"]
[SourceDate "2007.11.25"]
[SourceVersion "1"]
[SourceVersionDate "2007.11.25"]
[SourceQuality "1"]
[WhiteTeam "Oberursel II"]
[BlackTeam "Schoeneck II"]
[WhiteTeamCountry "GER"]
[BlackTeamCountry "GER"]

1. e4 c5 2. Nf3 e6 3. d3 d5 4. Nbd2 Nc6 5. g3 Nf6 6. Bg2 Qc7 7. 0-0 Be7 8. Re1 b6 9. Nf1 d4 10. e5 Nd5 11. a3 Bb7 12. Bd2 b5 13. c3 0-0 14. cxd4 Nxd4 15. Nxd4 cxd4 16. Qg4 Rfd8 17. Rac1 Qb6 18. Rc2 Rac8 19. Rec1 Rxc2 20. Rxc2 Rd7 21. h4 f5 22. exf6 Nxf6 1/2-1/2

[Event "Hessenliga 0607"]
[Site "Germany"]
[Date "2006.10.08"]
[Round "2.5"]
[White "Bletz, Harald"]
[Black "Debus, Alfred"]
[Result "1/2-1/2"]
[WhiteElo "2296"]
[BlackElo "2169"]
[PlyCount "56"]
[EventDate "2006.09.17"]
[EventType "team"]
[EventRounds "9"]
[EventCountry "GER"]
[SourceTitle "EXT 2008"]
[Source "ChessBase"]
[SourceDate "2007.11.25"]
[SourceVersion "1"]
[SourceVersionDate "2007.11.25"]
[SourceQuality "1"]
[WhiteTeam "Schoeneck II"]
[BlackTeam "Marburg"]
[WhiteTeamCountry "GER"]
[BlackTeamCountry "GER"]

1. d4 d5 2. Nf3 c6 3. g3 Nf6 4. Bg2 Nbd7 5. 0-0 e6 6. b3 Bd6 7. Bb2 0-0 8. c4 Qe7 9. Nbd2 Re8 10. Qc2 e5 11. cxd5 cxd5 12. dxe5 Nxe5 13. Nd4 Bg4 14. Nf5 Qd7 15. Nxd6 Qxd6 16. Nb1 Rad8 17. Nc3 Qa6 18. h3 d4 19. hxg4 dxc3 20. Bxc3 Nfxg4 21. Rfd1 Qb6 22. Qf5 g6 23. Qf4 Re6 24. Rxd8+ Qxd8 25. Bxe5 Nxe5 26. Bh3 Re7 27. Rc1 Rc7 28. Rxc7 Qxc7 1/2-1/2

[Event "Hessenliga 0506"]
[Site "Germany"]
[Date "2005.12.04"]
[Round "5.5"]
[White "Pribe, Viktor"]
[Black "Bletz, Harald"]
[Result "0-1"]
[WhiteElo "2134"]
[BlackElo "2291"]
[PlyCount "64"]
[EventDate "2005.09.11"]
[EventType "team"]
[EventRounds "11"]
[EventCountry "GER"]
[SourceTitle "EXT 2007"]
[Source "ChessBase"]
[SourceDate "2006.11.23"]
[SourceVersion "1"]
[SourceVersionDate "2006.11.23"]
[SourceQuality "1"]
[WhiteTeam "Giessen"]
[BlackTeam "Schoeneck II"]
[WhiteTeamCountry "GER"]
[BlackTeamCountry "GER"]

1. e4 c5 2. Nf3 e6 3. d4 cxd4 4. Nxd4 Nf6 5. Nc3 Nc6 6. Ndb5 d6 7. Bf4 e5 8. Bg5 a6 9. Na3 b5 10. Nd5 Qa5+ 11. Bd2 Qd8 12. Bg5 Be7 13. Bxf6 Bxf6 14. c3 0-0 15. Nc2 Rb8 16. Bd3 Be6 17. Nxf6+ Qxf6 18. Ne3 Ne7 19. 0-0 Rfd8 20. Qe2 d5 21. exd5 Nxd5 22. Nxd5 Bxd5 23. a4 e4 24. Bb1 Bc4 25. Qxe4 Bxf1 26. Qxh7+ Kf8 27. Ba2 Bc4 28. Qh8+ Ke7 29. Re1+ Kd6 30. Qh5 Bxa2 31. axb5 Be6 32. bxa6 Rxb2 0-1

[Event "Hessenliga 0405"]
[Site "Germany"]
[Date "2004.09.26"]
[Round "1.3"]
[White "Bletz, Harald"]
[Black "Wahedi, Ahmad Siar"]
[Result "0-1"]
[WhiteElo "2291"]
[BlackElo "2209"]
[PlyCount "74"]
[EventDate "2004.09.26"]
[EventType "team"]
[EventRounds "9"]
[EventCountry "GER"]
[SourceTitle "EXT 2006"]
[Source "ChessBase"]
[SourceDate "2005.11.24"]
[SourceVersion "1"]
[SourceVersionDate "2005.11.24"]
[SourceQuality "1"]
[WhiteTeam "Schoeneck II"]
[BlackTeam "Steinbach"]
[WhiteTeamCountry "GER"]
[BlackTeamCountry "GER"]

1. d4 d5 2. c4 c6 3. Nf3 Nf6 4. g3 dxc4 5. Bg2 b5 6. Ne5 Bb7 7. b3 cxb3 8. Qxb3 e6 9. Bb2 Be7 10. Nc3 a6 11. 0-0 Qc7 12. Rac1 Nbd7 13. Nd3 0-0 14. e4 c5 15. dxc5 Nxc5 16. Nxc5 Bxc5 17. Ne2 Rfc8 18. Bxf6 gxf6 19. Qf3 Qe5 20. Nf4 Bf8 21. h4 Bg7 22. Qg4 Kh8 23. Nh5 Bh6 24. Rcd1 Rg8 25. Qe2 Bc6 26. f4 Qc5+ 27. Kh2 Qe7 28. Qb2 Bg7 29. e5 Qb7 30. Bxc6 Qxc6 31. Rd6 Qc4 32. Rc1 Qe4 33. Nxf6 Bxf6 34. exf6 Rg4 35. Qe5 Qf3 36. Rc3 Qf2+ 37. Kh3 Rag8 0-1

[Event "Oberliga Ost-B 0304"]
[Site "Germany"]
[Date "2003.11.23"]
[Round "3.7"]
[White "Bletz, Harald"]
[Black "Roosen, Holger"]
[Result "1/2-1/2"]
[WhiteElo "2284"]
[BlackElo "2190"]
[PlyCount "47"]
[EventDate "2003.11.02"]
[EventType "team-tourn"]
[EventRounds "11"]
[EventCountry "GER"]
[SourceTitle "EXT 2005"]
[Source "ChessBase"]
[SourceDate "2004.11.15"]
[SourceVersion "1"]
[SourceVersionDate "2004.11.15"]
[SourceQuality "1"]
[WhiteTeam "Schoeneck"]
[BlackTeam "Offenbach"]
[WhiteTeamCountry "GER"]
[BlackTeamCountry "GER"]

1. d4 g6 2. Nf3 Bg7 3. g3 Nf6 4. Bg2 c5 5. 0-0 cxd4 6. Nxd4 0-0 7. c4 Nc6 8. Nc3 Nxd4 9. Qxd4 d6 10. Qh4 Qa5 11. Rd1 Be6 12. Nd5 Bxd5 13. cxd5 Qb5 14. Bf3 Rfc8 15. a4 Qb3 16. Rd3 Qc2 17. Rd2 Qc5 18. Rb1 Qa5 19. Rd1 Rc2 20. Be3 Rac8 21. b3 R8c7 22. Kg2 b6 23. Rd3 Qa6 24. Rbd1 1/2-1/2

[Event "Oberliga Ost-B 9900"]
[Site "Germany"]
[Date "1999.12.12"]
[Round "4.4"]
[White "Schoebel, Wolfgang"]
[Black "Bletz, Harald"]
[Result "1/2-1/2"]
[WhiteElo "2302"]
[BlackElo "2290"]
[PlyCount "28"]
[EventDate "1999.10.??"]
[EventType "team"]
[EventRounds "11"]
[EventCountry "GER"]
[SourceTitle "EXT 2002"]
[Source "ChessBase"]
[SourceDate "2001.11.25"]
[SourceVersion "1"]
[SourceVersionDate "2001.11.25"]
[SourceQuality "1"]

1. b3 Nf6 2. Bb2 d5 3. Nf3 g6 4. c4 Bg7 5. cxd5 0-0 6. g3 Qxd5 7. Bg2 Qh5 8. 0-0 Bh3 9. d4 Bxg2 10. Kxg2 c5 11. dxc5 Qxc5 12. Na3 Nc6 13. Rc1 Qf5 14. Qc2 Qxc2 1/2-1/2

[Event "Oberliga Ost-B 9900"]
[Site "Germany"]
[Date "1999.11.07"]
[Round "3.4"]
[White "Bletz, Harald"]
[Black "Roeberg, Frank"]
[Result "1/2-1/2"]
[WhiteElo "2290"]
[BlackElo "2270"]
[PlyCount "26"]
[EventDate "1999.10.??"]
[EventType "team"]
[EventRounds "11"]
[EventCountry "GER"]
[SourceTitle "EXT 2002"]
[Source "ChessBase"]
[SourceDate "2001.11.25"]
[SourceVersion "1"]
[SourceVersionDate "2001.11.25"]
[SourceQuality "1"]

1. d4 c5 2. Nf3 cxd4 3. Nxd4 Nc6 4. e4 g6 5. Nc3 Bg7 6. Be3 Nf6 7. Be2 0-0 8. 0-0 d5 9. exd5 Nxd5 10. Nxd5 Qxd5 11. Bf3 Qa5 12. Nxc6 bxc6 13. Qd2 Qxd2 1/2-1/2

[Event "Oberliga Ost-B 9899"]
[Site "Germany"]
[Date "1998.??.??"]
[Round "?"]
[White "Bergmann, Andy"]
[Black "Bletz, Harald"]
[Result "0-1"]
[WhiteElo "2205"]
[BlackElo "2300"]
[PlyCount "116"]
[EventDate "1998.10.??"]
[EventType "team"]
[EventRounds "11"]
[EventCountry "GER"]
[SourceTitle "EXT 2000"]
[Source "ChessBase"]
[SourceDate "1999.11.16"]
[SourceVersion "1"]
[SourceVersionDate "1999.11.16"]
[SourceQuality "1"]

1. d4 Nf6 2. Nf3 g6 3. c4 c5 4. Nc3 Bg7 5. e4 0-0 6. Be2 d6 7. d5 b5 8. cxb5 a6 9. 0-0 axb5 10. Bxb5 Ba6 11. Re1 Ng4 12. Qe2 Qb6 13. a4 Bxc3 14. bxc3 Bxb5 15. Qb2 Qa5 16. Bh6 Ba6 17. Bxf8 Kxf8 18. e5 Nxe5 19. Nxe5 dxe5 20. Rxe5 Nd7 21. Re4 Qb6 22. Qd2 Nf6 23. Qh6+ Kg8 24. Rxe7 Nxd5 25. Re5 Qc6 26. Rae1 Bb7 27. f3 Nxc3 28. a5 Nd5 29. h4 Nf6 30. Qd2 c4 31. Rc1 Nd7 32. Ree1 Qc5+ 33. Kh1 Nf8 34. Qc3 Rxa5 35. Qxc4 Qxc4 36. Rxc4 Ne6 37. Kh2 Ra2 38. Kg3 Bd5 39. Rb4 Rd2 40. Reb1 Nd4 41. R1b2 Nf5+ 42. Kh3 Rd1 43. Rb1 Rd3 44. R1b2 Kg7 45. Rb1 Kh6 46. R1b2 Nd4 47. Rf2 f5 48. Kg3 Ne6 49. Ra4 Kh5 50. Re2 Nd4 51. Re7 h6 52. Re5 Bxf3 53. Rxd4 Rxd4 54. gxf3 Rxh4 55. f4 Rh1 56. Ra5 Rb1 57. Rc5 Rb3+ 58. Kf2 Kg4 0-1

[Event "Oberliga Ost-B 9899"]
[Site "Germany"]
[Date "1998.??.??"]
[Round "?"]
[White "Bletz, Harald"]
[Black "David, Gundula"]
[Result "1-0"]
[WhiteElo "2300"]
[BlackElo "2080"]
[PlyCount "67"]
[EventDate "1998.10.??"]
[EventType "team"]
[EventRounds "11"]
[EventCountry "GER"]
[SourceTitle "EXT 2000"]
[Source "ChessBase"]
[SourceDate "1999.11.16"]
[SourceVersion "1"]
[SourceVersionDate "1999.11.16"]
[SourceQuality "1"]

1. d4 Nf6 2. Bg5 e6 3. Nd2 Be7 4. e4 b6 5. e5 Nd5 6. Bxe7 Nxe7 7. Bd3 Bb7 8. Qg4 0-0 9. Ne4 Bxe4 10. Qxe4 g6 11. Qxa8 Nec6 12. Nf3 Qe7 13. 0-0 Kg7 14. Qb7 Qd8 15. b4 d5 16. exd6 Qxd6 17. b5 Nxd4 18. Nxd4 Qxd4 19. Qxc7 Nd7 20. Rae1 Nf6 21. Rxe6 Qg4 22. Rfe1 Nh5 23. h3 Qb4 24. Qe5+ Kg8 25. c3 Qa3 26. Re8 Ng7 27. Rxf8+ Qxf8 28. Qe7 Qc8 29. Bc4 Qxc4 30. Qd8+ Ne8 31. Rxe8+ Kg7 32. Rg8+ Kh6 33. Qd2+ Kh5 34. g4+ 1-0

[Event "Hessenliga"]
[Site "Germany"]
[Date "1995.??.??"]
[Round "?"]
[White "Bletz, Harald"]
[Black "Berndt, Matthias"]
[Result "1/2-1/2"]
[WhiteElo "2285"]
[BlackElo "2130"]
[PlyCount "59"]
[EventDate "1995.??.??"]
[EventType "team"]
[EventRounds "11"]
[EventCountry "GER"]
[SourceTitle "GER"]
[Source "ChessBase"]
[SourceDate "1999.07.01"]
[SourceVersion "1"]
[SourceVersionDate "1999.07.01"]
[SourceQuality "1"]

1. d4 d5 2. Nf3 Nf6 3. g3 e6 4. Bg2 c5 5. 0-0 Be7 6. c4 0-0 7. cxd5 exd5 8. Nc3 Be6 9. Bg5 Nc6 10. dxc5 Bxc5 11. Rc1 Be7 12. Nd4 h6 13. Bf4 Rc8 14. Nxe6 fxe6 15. Bh3 Kf7 16. e4 dxe4 17. Qa4 Bb4 18. Rfd1 Qe7 19. Nb5 Nd5 20. a3 a6 21. axb4 axb5 22. Qxb5 Ncxb4 23. Bd2 Nd3 24. Rxc8 Rxc8 25. Bf1 Rc5 26. Qb3 Ne5 27. Bg2 Nf3+ 28. Bxf3 exf3 29. Qxf3+ Qf6 30. Qh5+ 1/2-1/2

[Event "Hessenliga"]
[Site "Germany"]
[Date "1995.??.??"]
[Round "?"]
[White "Bletz, Harald"]
[Black "Meiser, Markus"]
[Result "0-1"]
[WhiteElo "2285"]
[BlackElo "2270"]
[PlyCount "124"]
[EventDate "1995.??.??"]
[EventType "team"]
[EventRounds "11"]
[EventCountry "GER"]
[SourceTitle "GER"]
[Source "ChessBase"]
[SourceDate "1999.07.01"]
[SourceVersion "1"]
[SourceVersionDate "1999.07.01"]
[SourceQuality "1"]

1. d4 Nf6 2. Nf3 g6 3. g3 Bg7 4. Bg2 d5 5. 0-0 0-0 6. c4 c6 7. Nc3 dxc4 8. Ne5 Ng4 9. Nf3 e5 10. dxe5 Qxd1 11. Rxd1 Nxe5 12. Bf4 Nbd7 13. Rd2 Nxf3+ 14. Bxf3 Nb6 15. Rad1 Be6 16. e4 Rfe8 17. Be3 Bf6 18. Ne2 Na4 19. Nd4 c3 20. Nxe6 cxd2 21. Nc7 Nxb2 22. Rxd2 Nc4 23. Nxe8 Rxe8 24. Rd7 Nxe3 25. fxe3 Re7 26. Rxe7 Bxe7 27. Kf2 Ba3 28. Bd1 Kf8 29. Kf3 f6 30. h4 Ke7 31. Kf4 Bd6+ 32. Kf3 Be5 33. g4 g5 34. h5 h6 35. Ke2 Kd6 36. Kd3 Kc5 37. Bb3 Kb4 38. Be6 b5 39. Kc2 c5 40. Bf7 a5 41. Be6 a4 42. Bf7 a3 43. Be6 c4 44. Bf7 Kc5 45. Bg8 b4 46. Bf7 Bg3 47. Be6 Bf2 48. Bf7 Bxe3 49. Bg8 Bd4 50. Bf7 b3+ 51. Kb1 Kb4 52. Be6 Kc3 53. Bf7 Be3 54. Bg8 bxa2+ 55. Kxa2 Kd3 56. Kxa3 c3 57. Bh7 Kd2 58. e5 c2 59. Bxc2 Kxc2 60. exf6 Bc5+ 61. Ka4 Kd3 62. Kb5 Ba3 0-1